| 000 | 00996nam a22002057a 4500 | ||
|---|---|---|---|
| 999 |
_c62926 _d62926 |
||
| 003 | Ge_BSU | ||
| 005 | 20250324130539.0 | ||
| 008 | 250324s2001 ge ||||| |||| 00| 0 geo d | ||
| 020 | _a9992846410 | ||
| 041 | _ageo | ||
| 080 | _a677.04(075.8) ბ-95 | ||
| 100 |
_aბუაძე, ელიზავეტა _924651 |
||
| 245 |
_aსაფეიქრო ქიმიის ფიზიკო-ქიმიური საფუძვლები : _b სახელმძღვ. / _cელიზავეტა ბუაძე ; [რედ. ტრისტან ჯანხოთელი]. |
||
| 264 |
_aქუთაისი : _b საქართველო, _c2001. |
||
| 300 |
_a320 გვ. : _bცხრ., ნახ. ; _c22 სმ. |
||
| 504 | _aბიბლიოგრ.: გვ. 311-316. | ||
| 653 | _aსაფეიქრო ქიმია | ||
| 700 |
_aჯანხოთელი, ტრისტან _eრედაქტორი _924652 |
||
| 942 |
_2udc _cᲬᲘᲒᲜᲘ |
||